| 000 | 00446nam a2200145Ia 4500 | ||
|---|---|---|---|
| 008 | 151213s9999 xx 000 0 und d | ||
| 100 | _aSticht, T.G. & McDonald, B.A. | ||
| 245 |
_aAutomotive trades: _binformation processing skill _cSticht, T.G. & McDonald, B.A. |
||
| 260 |
_aNew York _bMcGraw hill/ Glencoe _c1993 |
||
| 300 | _a1788 p. | ||
| 650 | _aManagement | ||
| 650 | _aManagement | ||
| 700 | _aSticht, T.G. & McDonald, B.A. | ||
| 999 |
_c1314 _d1314 |
||